| 000 | 00875nam a2200253 i 4500 | ||
|---|---|---|---|
| 003 | DO-SdBNP | ||
| 005 | 20260306091826.0 | ||
| 006 | a||||er|||| 00| 0 | ||
| 007 | ta | ||
| 008 | 231030e1994 dr a|||| |||| 00| 0 spa d | ||
| 040 |
_aDO-SdBNP _bspa _cBNPHU _erda |
||
| 082 | 4 |
_bR426e _222 |
|
| 100 | 1 |
_aMieses Burgos, Franklin, _d1907-1976 _91952 |
|
| 110 |
_92373 _aRpública Dominicana. _bSecrataria de Estado de Educación, Bellas Artes y Cultos |
||
| 245 | 1 | 3 |
_aLengua española y ciencias sociales : _blibro del alumno, 5 |
| 264 | 1 |
_aSanto Domingo : _bSecretaria de Estado de Educación, Bellas Artes y Cultos, _c1994 |
|
| 300 |
_a109 páginas : _bIlustraciones ; _c29 cm. |
||
| 336 |
_2rdacontent _atexto _btxt |
||
| 337 |
_2ramedia _asin mediación _bn |
||
| 338 |
_2rdamedia _asin mediación _bnc |
||
| 590 | _aInventariado, 2023 / DG | ||
| 910 | _aDG | ||
| 942 |
_2ddc _cLBS1 |
||
| 999 |
_c55468 _d55468 |
||